| 000 | 00387nam a2200157Ia 4500 | ||
|---|---|---|---|
| 008 | 240729s9999 xx 000 0 und d | ||
| 022 | _a2100-014X | ||
| 245 | 0 | _aEPJ Web of Conferences | |
| 260 | _aFrance | ||
| 260 | _bEDP Sciences | ||
| 650 | _a Physics | ||
| 650 | _aScience | ||
| 856 | _uhttps://doaj.org/toc/1ef1bb663c6f469e9e907855ea79564e | ||
| 942 | _2ddc | ||
| 942 | _cDOAJEJ | ||
| 999 |
_c72864 _d72864 |
||
| 945 |
_a1 _bMadushi Gamage _c1 _dMadushi Gamage |
||